| 000 | 00373nam a22001697a 4500 | ||
|---|---|---|---|
| 005 | 20251106133058.0 | ||
| 020 | _a9789356818200 | ||
| 041 | _aEnglish | ||
| 082 | _a001 R25 GKP | ||
| 100 | _aGKP Editorial | ||
| 245 | _aNCERT Summary - Indian Polity | ||
| 250 | _a01 | ||
| 260 |
_aHaryana _bG.K.Publications _c2025 |
||
| 300 | _a200 | ||
| 365 | _b275.00 | ||
| 942 | _cBK | ||
| 999 |
_c176426 _d176426 |
||